000
00235nam a2200097Ia 4500
008
120527s9999 xx 000 0 und d
100
_a
CLARK and DIELEMAN
245
_a
Households and Housing
260
_b
Centre For Policy
942
_c
BK
999
_c
25501
_d
25501